00579nam a2200169 i 450000100060000000300090000600500170001500700030003200800410003510000230007624500800009926000480017930000220022785200220024999900170027195201210028824184ES-MaACL20230906153014.0t|021216s1917 fr ||||1| fre d1 aAnthony, R.92189013aLa force et le droit b: le prétendu droit biologique / cpar R. Anthony. aParís : bFélix Alcan, c1917 (fJouve) a194 p. ; c19 cm. aES-MaACLjF-12123 c24184d24184 00104070aATENEOMbATENEOMcSPP2d2008-01-17eSCl0oF-12123p1024933r2023-02-23 00:00:00w2023-02-23yMONOGRAFIA